000 00803cam a22002414a 4500
001 14303713
005 20180307033047.0
008 060317s2007 njua 000 0 eng
010 _a 2006009189
020 _a0132206447
040 _aDLC
_cDLC
_dDLC
041 _aeng
042 _apcc
080 _a658.4013 fos
082 0 0 _a658.4013 fos
_222
100 1 _a54
101 _aman
245 1 0 _aManaging quality :
_cS. Thomas Foster.
504 _aIncludes bibliographical references and index.
906 _a7
_bcbc
_corignew
_d1
_eecip
_f20
_gy-gencatlg
942 _2ddc
_cBK
999 _c44247
_d44247